La Comunitat de Recursos Humans (CORH) : un projecte de gestió del coneixement en xarxa un projecte de gestió del coneixement en xarxa
Publicado:
Barcelona :
Diputació de Barcelona. Gerència de Serveis d'Assistència al Govern Local ,
2013
Descripción Física:
66 p. ; 30 cm.
Idioma:
Catalán
MARC
| LEADER | 00000nam a22000007a 4500 | ||
|---|---|---|---|
| 001 | 25103 | ||
| 008 | 211229b spa||||| |||| 00| 0 cat d | ||
| 017 | |a B 21194-2013 | ||
| 245 | |a La Comunitat de Recursos Humans (CORH) : |b un projecte de gestió del coneixement en xarxa | ||
| 260 | |a Barcelona : |b Diputació de Barcelona. Gerència de Serveis d'Assistència al Govern Local ; |c 2013 | ||
| 300 | |a 66 p. ; |c 30 cm. | ||
| 500 | |a També en castellà (R. 25112) | ||
| 650 | 0 | |9 42514 |a Projecte CORH | |
| 650 | 0 | |9 45092 |a Personal |x Administració | |
| 650 | 0 | |9 36269 |a Recursos humans | |
| 710 | |a Barcelona (Catalunya : Província). |b Gerència de Serveis d'Assistència al Govern Local |9 52197 | ||
| 710 | 1 | |a Barcelona (Catalunya : Província). |b Oficina de Projectes Transversals i de Suport a la Gestió |9 56001 | |
| 942 | |2 udc |c ARXIU |n 1 | ||
| 952 | |0 0 |1 0 |4 0 |6 BIB376 |7 1 |9 60928 |a Arxiu |b Arxiu |d 2021-12-29 |l 0 |o Bib-376 |p 25103 |r 2021-12-29 00:00:00 |w 2021-12-29 |y ARXIU | ||
| 999 | |c 81053 |d 81053 | ||